|
|
|
|
| LEADER |
00000nam0a2200000 4500 |
| 001 |
273275 |
| 005 |
20231101234620.0 |
| 035 |
|
|
|a (RuTPU)RU\TPU\book\296484
|
| 090 |
|
|
|a 273275
|
| 100 |
|
|
|a 20141024d1987 km y0rusy50 ca
|
| 101 |
1 |
|
|a rus
|c ger
|
| 102 |
|
|
|a RU
|
| 105 |
|
|
|a y z 000zy
|
| 200 |
1 |
|
|a Психологическая война против мира
|e пер. с нем.
|f под ред. С. Шумскиого
|
| 210 |
|
|
|a Москва
|c Прогресс
|d 1987
|
| 215 |
|
|
|a 192 с.
|
| 606 |
1 |
|
|a Психологическая война
|2 stltpush
|3 (RuTPU)RU\TPU\subj\53118
|9 71468
|
| 610 |
1 |
|
|a военно-промышленный комплекс
|
| 610 |
1 |
|
|a консервативные позиции
|
| 610 |
1 |
|
|a идеологическая борьба
|
| 610 |
1 |
|
|a конфронтация
|
| 610 |
1 |
|
|a Восток-Запад
|
| 610 |
1 |
|
|a США
|
| 610 |
1 |
|
|a военная угроза
|
| 610 |
1 |
|
|a идеологические диверсии
|
| 610 |
1 |
|
|a 20 век
|
| 686 |
|
|
|a Ф4(0,8)5
|v LBC/SL-A
|2 rubbk
|
| 702 |
|
1 |
|a Шумский
|b С.
|4 340
|
| 801 |
|
1 |
|a RU
|b 63413507
|c 20141024
|
| 801 |
|
2 |
|a RU
|b 63413507
|c 20151106
|g RCR
|
| 942 |
|
|
|c BK
|